| 000 | 00000nas 2200000zi 4500 |
| 001 | 9.914332 |
| 003 | CaOODSP |
| 005 | 20250820084953 |
| 006 | m o d f |
| 007 | cr ||||||||||| |
| 008 | 220811c20229999onc x p o f0###b0fre|d |
| 022 | |a2816-7430 |
| 040 | |aCaOODSP|bfre|erda|cCaOODSP |
| 043 | |an-cn--- |
| 086 | 1 |aFo147-2F-PDF |
| 222 | 0|aBranché sur la fibre ... |
| 245 | 00|aBranché sur la fibre ... / |cService canadien des forêts, Centre canadien sur la fibre de bois. |
| 264 | 1|a[Ottawa] : |bRessources naturelles Canada = Natural Resources Canada, |c[2022]- |
| 310 | |aIrrégulier |
| 336 | |atexte|btxt|2rdacontent/fre |
| 337 | |ainformatique|bc|2rdamedia/fre |
| 338 | |aressource en ligne|bcr|2rdacarrier/fre |
| 362 | 1 |aParaît depuis : no. 1 (juin 2022). |
| 500 | |aPublié aussi en anglais sous le titre : Fibre connect. |
| 588 | |aDescription d'après : no. 1 (juin 2022). |
| 588 | |aDernière livraison consultée : no. 1 (juin 2022). |
| 650 | 6|aProduits forestiers|zCanada|vPériodiques. |
| 650 | 6|aForêts|zCanada|vPériodiques. |
| 655 | 7|aPériodiques|2rvmgf |
| 710 | 2 |aCentre canadien sur la fibre de bois, |eorganisme de publication. |
| 710 | 1 |aCanada. |bRessources naturelles Canada, |eorganisme de publication. |
| 775 | 08|tFibre connect ... / |w(CaOODSP)9.914326 |